000 01478nam a2200373 i 4500
001 000008157
003 DO-SdBNP
005 20260527171853.0
007 ta
008 090915s2008 dr do 001 0 spa d
040 _aDO-SdBNP
_bspa
_cBNPHU
_erda
041 _aspa
082 _a323.34
_bA169m
_222
100 _4|
111 2 _aSeminario taller "acceso de la mujer a la toma de decisiones en política"
_d(2008 sept. 8-12 :
_cSanto Domingo)
_922144
245 1 0 _aAcceso de la mujer a la toma de decisiones en política. /
_ceditora, Nurys Paulino ; prefacio, Aura Celeste Fernández R.
264 1 _aSanto Domingo :
_bEscuela Nacional de Formación Electoral y del Estado Civil (EFEC),
_bJunta Central Electoral,
_c2008
300 _a413 páginas :
_bgráficos, fotografías ;
_c26 cm
336 _atexto
_btxt
_2rdacontent
337 _asin mediación
_bn
_2rdamedia
338 _avolumen
_bnc
_2rdacarrier
590 _aInventariado, 2020/ YL
650 4 _aMujeres
_xActividad política
_97828
650 0 _aMujeres en la política
_92451
650 4 _aParticipación política
_zRepública Dominicana
_914012
650 4 _aPolítica y medios de comunicación de masa
_922145
650 0 _a Igualdad
_912328
650 4 _aCiencias políticas
_xToma de decisiones
_922147
650 0 _aSufragio
_96413
700 _aPaulino, Nurys
_eeditor
_4ed.
_922136
700 _aFernández R., Aura Celeste
_eprologuista
_4prol.
_988634
910 _aYLockward
942 _2ddc
_cLBS1
999 _c7934
_d7934